000 00596nam a2200121Ia 4500
008 220615s9999||||xx |||||||||||||| ||und||
100 _aDalla, Christina||Pitychoutis, Pothitos M.||Sanoudou, Despina||Papadopoulou-Daifoti, Zeta
245 0 _aChapter Neuropharmacogenetics of Major Depression: Has the Time Come to Take both Sexes into Account?
546 _aEnglish[eng]
650 _aEarth sciences, geography, environment, planning
856 _uhttps://library.oapen.org/bitstream/20.500.12657/49043/1/33384.pdf||https://library.oapen.org/bitstream/20.500.12657/49043/1/33384.pdf
942 _cEB
999 _c17969
_d17969